[Event "XC URU-ch Final 2019"]
[Site "Montevideo"]
[Date "2019.03.21"]
[Round "6.4"]
[White "Sosa Macho, Juan Manuel"]
[Black "Curi, Gabriel"]
[Result "0-1"]
[WhiteElo "2072"]
[BlackElo "2192"]
[Annotator "TA"]
[PlyCount "88"]
[EventDate "2019.03.16"]
[EventType "tourn"]
[EventCountry "URU"]
[SourceTitle "playchess.com"]
[Source "ChessBase"]
[SourceQuality "1"]

{[%evp 22,88,4,-25,2,0,8,-5,-7,0,0,-2,10,-7,-16,-18,0,-5,0,-263,-260,-488,-474,-525,-513,-522,-517,-505,-508,-519,-521,-497,-504,-495,-494,-479,-480,-477,-448,-785,-567,-577,-582,-582,-582,-582,-536,-562,-566,-833,-831,-843,-838,-843,-843,-774,-765,-1150,-1126,-1250,-1230,-2406,-2287,-2056,-1845,-3298,-3071,-2951,-2736]} 1. d4 d5 2. c4 c6 3. Nf3 Nf6 4. Nc3 e6 5. e3 Nbd7 6. Qc2 Bd6 7. Be2 O-O 8. O-O dxc4 9. Bxc4 a6 10. Rd1 b5 11. Be2 Qc7 12. h3 {LiveBook: 4 Games. D46: Semi-Slav: 5 e3 Nbd7 6 Bd3, Black avoids the Meran} (12. e4 e5 13. g3 Re8 14. dxe5 Nxe5 15. Bg5 Nxf3+ 16. Bxf3 Be5 17. Rac1 Bh3 18. Bxf6 gxf6 19. Qe2 Be6 20. Bg4 Qe7 21. Qf3 Rad8 {0-1 (68) Le,Q (2739)-Navara,D (2737) Saint Louis 2017}) 12... Re8 $146 ({Predecessor:} 12... c5 13. dxc5 Bxc5 14. Ne4 Nxe4 15. Qxe4 Bb7 16. Qf4 Qxf4 17. exf4 Nb6 18. Ne5 Rfc8 19. Bd2 Bd5 {1-0 (80) Foisor,C (2353)-Mammadzada,G (2361) Baku 2016}) 13. b3 c5 14. Bb2 {The position is equal.} Bb7 15. Rac1 Rac8 16. Qb1 Qb6 17. Qa1 cxd4 18. Nxd4 Nc5 {[%cal Bd7c5,Bc5b3,Bb3c1][%mdl 32]} 19. a4 {[%cal Ra4b5]} e5 20. Nf5 $2 {[%mdl 8192] [#]} (20. a5 $11 Qd8 21. Nf5 Nxb3 22. Rxd6) 20... Bf8 $19 ({Don't go for} 20... Qc6 $2 21. Bf3 $18) 21. a5 $2 (21. Qa2 {was worth a try.} Qe6 22. b4 Qxf5 23. bxc5) 21... Qe6 {Black is clearly winning.} 22. Qb1 Nxb3 23. Ng3 Nxc1 24. Rxc1 b4 25. Na2 Rxc1+ 26. Nxc1 Qd5 {[%csl Gb7][%cal Rd5g2] [#]} 27. Bf3 e4 28. Be2 Nd7 {[%cal Bf6d7,Bd7e5,Be5d3][%mdl 32]} 29. Bg4 Ne5 30. Bf5 (30. Bxe5 $142 Rxe5 31. Nb3) 30... Nd3 31. Bd4 Nxc1 32. Qxc1 Qxa5 33. Qd1 g6 34. Bd7 Rd8 35. Bf6 Bc6 36. Bxd8 Qxd8 37. Bg4 Qxd1+ 38. Bxd1 {[%mdl 4096] Endgame KBB-KBN} a5 {[%cal Ba6a5,Ba5a4][%mdl 32]} 39. Ne2 Bg7 40. Kf1 a4 41. Nc1 Bb5+ 42. Kg1 Bb2 43. Na2 b3 44. Nb4 Bc4 {Precision: White = 34%, Black = 79%.} 0-1

[Event "XC URU-ch Final 2019"]
[Site "Montevideo"]
[Date "2019.03.21"]
[Round "6.5"]
[White "Granara Barreto, Sebastian"]
[Black "Lopez Azambuja, Nicolas"]
[Result "1/2-1/2"]
[WhiteElo "2115"]
[BlackElo "2335"]
[Annotator "TA"]
[PlyCount "123"]
[EventDate "2019.03.16"]
[EventType "tourn"]
[EventCountry "URU"]
[SourceTitle "playchess.com"]
[Source "ChessBase"]
[SourceQuality "1"]

{[%evp 9,123,-3,37,30,42,17,16,25,48,50,108,43,97,14,29,0,31,17,26,15,11,15,123,0,0,0,-1,-18,25,0,0,-10,116,39,35,0,150,143,146,137,139,144,149,156,160,157,157,158,168,152,156,156,145,125,171,98,92,93,106,96,129,111,193,170,189,0,126,0,194,192,238,235,183,0,136,0,37,0,135,125,193,179,184,189,169,164,143,156,156,146,406,394,583,534,584,92,88,86,83,85,95,80,246,62,95,44,118,118,118,0,0,0,118,0,0,0]} 1. c4 e6 2. Nc3 Bb4 3. Qb3 Ba5 (3... c5 4. Nb5 Nc6 5. Nd6+ Kf8 6. Nf3 Qe7 7. Nxc8 Rxc8 8. e3 e5 9. Qc2 e4 10. Ng1 Nf6 11. Ne2 Ba5 {½-½ (31) Svidler,P (2768)-Carlsen,M (2834) Wijk aan Zee 2018}) 4. Nf3 Nf6 5. g4 d5 $146 ({Predecessor:} 5... h6 6. Rg1 Nc6 7. h4 d5 8. g5 hxg5 9. hxg5 dxc4 10. Qxc4 Nd5 11. g6 {1-0 (36) Shtembuliak,E (2517)-Fus,J (2195) Suwalki 2018}) 6. g5 {A13: English Opening: 1...e6} Ne4 7. cxd5 Nxc3 8. bxc3 exd5 9. Ba3 {aiming for e4.} c6 (9... Bb6 $14) 10. h4 (10. e4 $16) 10... Nd7 (10... Bb6 $14) 11. Qa4 (11. Nd4 $16) 11... Nf8 12. Bh3 Bb6 13. Nd4 {Hoping for Nxc6.} Bxh3 14. Rxh3 Qd7 15. Rf3 $36 {[%mdl 2048] Nf5 is the strong threat. White has some pressure.} g6 (15... Bxd4 $11 16. Qxd4 Ne6) 16. O-O-O (16. Rb1 $16 O-O-O 17. Rf6) 16... O-O-O $11 17. Rf6 Kb8 18. Nf3 {Black must now prevent Ne5.} Re8 19. Bd6+ Bc7 $1 {[%cal Rc7d6]} 20. Bc5 b6 (20... a5 $11) 21. Bxf8 (21. Nd4 $16 Ne6 22. Nxc6+ {[%mdl 64] Double Attack} Kb7 23. Na5+ {[%mdl 64] Discovered Attack} Kc8 24. Nc6) 21... Rhxf8 $14 22. Nd4 Bd6 (22... Be5 $1 $11 23. Rxc6 (23. Qxc6 Qb7 $11) (23. Nxc6+ $2 Ka8 $17) 23... Re7) 23. Qxc6 $16 ({Of course not} 23. Nxc6+ Kc7 $11) 23... Ba3+ 24. Kc2 Qxc6 25. Nxc6+ Kb7 26. Nd4 Bc5 27. e3 Bxd4 28. cxd4 {[%mdl 4096] Endgame KRR-KRR} Rc8+ 29. Kb3 Rc6 30. Rxc6 Kxc6 {KR-KR} 31. Rh1 h5 32. f4 (32. Rc1+ $18 Kd6 33. Kb4) 32... Kd6 33. d3 Ke6 34. e4 Rd8 35. Rd1 Rd7 (35... Rc8 $16) 36. Kc3 $18 Rc7+ 37. Kb3 (37. Kd2 $1 $18) 37... Rd7 $1 $16 38. Kc3 (38. Kb4 $16) 38... Rc7+ $18 39. Kd2 $1 Rd7 40. Ke3 Rc7 41. Kd2 Rd7 $1 42. Kc3 ({Better is} 42. f5+ $1 $16 gxf5 43. e5) 42... Rc7+ $14 43. Kb3 ({White should try} 43. Kb2 $14) 43... Rd7 $1 $16 44. Kb4 Rc7 (44... a6 $16 45. a3 Kd6) 45. Rf1 $1 $18 Rc2 46. f5+ Ke7 47. fxg6 ({Don't play} 47. exd5 $6 Kd6 $16) 47... fxg6 48. Rf6 Rxa2 49. Rxg6 Rb2+ $2 {[%mdl 8192]} (49... Rh2 $16) 50. Kc3 Rh2 (50... Rg2 {was worth a try.} 51. Rh6 Rg4 52. Rxh5 dxe4 53. dxe4 Rxe4 54. Rh7+ Kf8) 51. exd5 Rxh4 52. d6+ $2 (52. Rg7+ $1 $18 Kd6 53. g6) 52... Kd7 $16 53. Kc4 $1 {[%cal Rc4d5] Threatens to win with Kd5.} Kc6 54. d7+ $1 Kxd7 55. Kd5 $1 Rg4 $2 (55... Ke7 $16) 56. Ke5 $2 ({Only move:} 56. Rg7+ $18 Ke8 57. Ke6 (57. Rxa7 Rxg5+ 58. Kc4 b5+ 59. Kb4 Rd5 $11)) 56... h4 $1 $14 57. d5 (57. Rg7+ $16 Ke8 58. d5) 57... h3 {[#]} (57... Rg2 $1 $14) 58. Rg7+ $1 $16 Kc8 59. Rg8+ Kd7 60. Rg7+ Kc8 $1 {[#]} 61. Rg8+ (61. Kd6 $1 $16 {[%cal Rd6c6] Threatening mate with Kc6.} Rg1 62. Rh7) 61... Kd7 $11 62. Rg7+ {Accuracy: White = 40%, Black = 35%.} 1/2-1/2

[Event "XC URU-ch Final 2019"]
[Site "Montevideo"]
[Date "2019.03.22"]
[Round "7.1"]
[White "Coppola, Claudio"]
[Black "Muniz, Rafael"]
[Result "1-0"]
[WhiteElo "2225"]
[BlackElo "2272"]
[Annotator "TA"]
[PlyCount "67"]
[EventDate "2019.03.16"]
[EventType "tourn"]
[EventCountry "URU"]
[SourceTitle "playchess.com"]
[Source "ChessBase"]
[SourceQuality "1"]

{[%evp 9,67,-17,0,-14,-10,-4,9,-31,-10,-18,-33,-68,-48,-53,-46,-62,-41,-46,-14,-30,-15,-77,-57,-74,0,0,7,6,16,-6,24,-72,-61,-95,-97,-107,-68,-98,20,31,29,29,37,37,39,50,52,59,54,44,53,5,65,75,126,126,547,547,2118,1806]} 1. d4 Nf6 2. Nc3 d5 3. Bf4 a6 4. e3 e6 5. Nf3 c5 6. dxc5 {D00: 1 d4 d5: Unusual lines} (6. Bd3 cxd4 7. exd4 Nc6 8. O-O Be7 9. Ne2 Nb4 10. c3 Nxd3 11. Qxd3 O-O 12. Ne5 {½-½ (39) Mamedyarov,S (2801)-Giri,A (2782) chess.com INT 2018}) 6... Bxc5 7. Bd3 Nc6 8. Ne5 {The position is equal.} Bd6 9. Nxc6 bxc6 10. Bg5 $146 ({Predecessor:} 10. Bxd6 Qxd6 11. O-O O-O 12. Qf3 {0-1 (52) Stern,G (2008)-Haugli,P (2231) Helsingor 2018}) 10... Rb8 11. Rb1 h6 12. Bh4 e5 13. e4 d4 14. Ne2 c5 15. O-O {[#]} (15. b3 $11) 15... g5 $1 $17 {[%cal Rg5h4]} 16. Bg3 Bb7 (16... h5 $17 {Threatens to win with ...h4.} 17. f3 h4) 17. f3 $11 h5 18. Be1 h4 19. h3 Nh5 20. c4 (20. b4 $11) 20... Bc6 $17 21. Qd2 Bd7 22. Qa5 Qc8 23. Kh2 Ng3 (23... Ng7 $17) 24. Nxg3 $11 hxg3+ 25. Kxg3 f5 26. b4 {aiming for bxc5.} f4+ 27. Kf2 $1 Kf7 28. Bd2 Qc6 29. bxc5 Qxc5 30. Qxa6 Ra8 ({Better is} 30... Ke7 $11) 31. Qb7 $14 Ke6 (31... Ra7 $142 32. Qd5+ Be6 33. Rb7+ Rxb7 34. Qxb7+ Kg6) 32. Bb4 $16 Rxa2+ $2 {[%mdl 8192] [#]} (32... Qc6 $16 {is a better chance.} 33. Qxc6 Bxc6) 33. Kg1 $18 Qa7 34. Qd5+ {[%mdl 64] Double Attack. Accuracy: White = 42%, Black = 24%.} 1-0

[Event "XC URU-ch Final 2019"]
[Site "Montevideo"]
[Date "2019.03.22"]
[Round "7.2"]
[White "Lopez Azambuja, Nicolas"]
[Black "Hoffman, Alejandro"]
[Result "1/2-1/2"]
[WhiteElo "2335"]
[BlackElo "2454"]
[Annotator "TA"]
[PlyCount "38"]
[EventDate "2019.03.16"]
[EventType "tourn"]
[EventCountry "URU"]
[SourceTitle "playchess.com"]
[Source "ChessBase"]
[SourceQuality "1"]

{[%evp 17,38,31,48,34,19,29,59,63,61,56,73,51,121,110,104,122,115,102,143,108,130,94,80]} 1. d4 Nf6 2. c4 g6 3. Nc3 Bg7 4. e4 d6 5. Nf3 O-O 6. Be2 c5 7. d5 e6 8. O-O Re8 9. h3 Na6 10. Be3 {E91: King's Indian: Classical: 6 Be2, unusual replies including 6...c5 and 6...Bg4} exd5 11. exd5 Ne4 12. Nxe4 {White is slightly better.} Rxe4 13. Qd2 {[#]} Bd7 $146 ({Predecessor:} 13... Re8 14. Rab1 Bf5 15. Bd3 Qd7 16. Rfd1 Bxd3 17. Qxd3 Nb4 18. Qb3 a5 19. Bd2 Re4 20. a4 Rae8 21. Kf1 Qf5 22. Bxb4 {½-½ (22) Kestler,H-Andersson,U (2565) Biel 1977}) 14. Rab1 f5 (14... Re8 $14) 15. Bd3 $16 Re8 16. a3 Qf6 17. Bf4 Rac8 18. b3 b6 19. Rfd1 Qf8 {Accuracy: White = 33%, Black = 34%.} 1/2-1/2

[Event "XC URU-ch Final 2019"]
[Site "Montevideo"]
[Date "2019.03.22"]
[Round "7.3"]
[White "Rodriguez Vila, Andres"]
[Black "Granara Barreto, Sebastian"]
[Result "1-0"]
[WhiteElo "2495"]
[BlackElo "2115"]
[Annotator "TA"]
[PlyCount "49"]
[EventDate "2019.03.16"]
[EventType "tourn"]
[EventCountry "URU"]
[SourceTitle "playchess.com"]
[Source "ChessBase"]
[SourceQuality "1"]

{[%evp 9,49,-27,-28,-80,-89,-91,-20,-2,23,19,62,52,82,68,107,114,128,110,111,96,150,166,155,174,300,282,358,356,344,351,344,355,639,607,630,621,694,415,1355,1349,1145,1107]} 1. e4 c6 2. d4 d5 3. e5 Bf5 4. h4 h5 5. Bg5 (5. Bd3 Bxd3 6. Qxd3 e6 7. Bg5 Be7 8. Nf3 Nh6 9. Nbd2 Nf5 10. Nf1 Qa5+ 11. c3 Qa6 12. Qd2 Nd7 13. Ng3 Nxg3 14. fxg3 f6 {½-½ (72) Inarkiev,E (2693)-Tomashevsky,E (2705) St Petersburg 2018}) 5... Qb6 6. Bd3 {B12: Caro-Kann: Advance Variation} (6. b3 $11) 6... Bxd3 7. Qxd3 e6 (7... Qxb2 $17 8. Qc3 Qxc3+ 9. Nxc3 e6) 8. Nd2 $11 {The position is equal.} Qa6 9. c4 Ne7 10. Ngf3 dxc4 11. Nxc4 Nd5 12. O-O c5 $146 ({Predecessor:} 12... Nd7 13. Nfd2 N7b6 14. b3 Be7 15. Bxe7 Nxc4 16. bxc4 Nxe7 {1-0 (32) Nestorovic,N (2459)-Schuster,K (2289) Germany 2015}) 13. a3 $36 {[%mdl 2048] Keeping Black busy.} Nd7 14. dxc5 Nxc5 {[#]} (14... Bxc5 $142 15. b4 b5) 15. Qc2 $1 $16 Qa4 {[#]} 16. Qe2 $1 Nb3 (16... Qa6 $142) 17. Rad1 $18 {[%cal Ba1d1,Bd1d5,Bd5d3][%mdl 32]} Bc5 {Black hopes to continue with ...0-0.} 18. Nd6+ Bxd6 19. Rxd5 ({Much less strong is} 19. exd6 O-O $18) 19... Bc5 20. Rd3 Nd4 $2 (20... Bb6 21. Rc3 Nd4 22. Nxd4 Qxd4) 21. Nxd4 Bxd4 22. b3 Qa6 23. Rfd1 Bb6 (23... f6 $142 24. exf6 O-O 25. fxg7 Bxg7 26. Qxh5 Qb5) 24. Qd2 {White threatens Rd8+! and mate.} O-O {[#]} 25. Bf6 $1 {[%mdl 512] Accuracy: White = 83%, Black = 31%.} 1-0

[Event "XC URU-ch Final 2019"]
[Site "Montevideo"]
[Date "2019.03.22"]
[Round "7.4"]
[White "Curi, Gabriel"]
[Black "Michailov, Matias"]
[Result "0-1"]
[WhiteElo "2192"]
[BlackElo "2205"]
[Annotator "TA"]
[PlyCount "76"]
[EventDate "2019.03.16"]
[EventType "tourn"]
[EventCountry "URU"]
[SourceTitle "playchess.com"]
[Source "ChessBase"]
[SourceQuality "1"]

{[%evp 14,76,21,18,49,3,38,11,43,20,13,12,15,18,12,10,4,0,23,0,27,0,11,10,16,14,24,1,74,61,81,77,275,262,254,-4,-2,-41,-12,-12,0,-87,-44,-45,-9,-13,-7,-264,-251,-781,-808,-786,-782,-850,-839,-910,-888,-925,-925,-908,-907,-967,-938,-2049,-992]} 1. e4 e6 2. d4 d5 3. exd5 exd5 4. Nf3 Bd6 5. c4 c6 6. Nc3 Ne7 7. Bd3 O-O 8. O-O h6 {C01: French: Exchange Variation} (8... dxc4 9. Bxc4 Nd7 10. h3 Nb6 11. Bb3 Nbd5 12. Re1 Bf5 13. Bg5 f6 14. Bd2 Qd7 15. Ne4 Bxe4 16. Rxe4 Rfe8 17. Qe2 Ng6 18. Re1 Kf7 19. Rxe8 Rxe8 20. Qxe8+ Qxe8 21. Rxe8 {½-½ (21) Cornette,M (2602)-Meier,G (2655) Germany 2018}) 9. h3 Nd7 10. Re1 Nf6 {The position is equal.} 11. Ne5 (11. c5 {keeps more tension.} Bc7 12. b4 Be6 13. a4 Re8 14. b5) 11... dxc4 $146 ({Predecessor:} 11... Nf5 12. Be3 Re8 13. g4 Nxe3 14. Rxe3 Bxe5 15. dxe5 d4 16. exf6 dxe3 17. fxe3 {½-½ (49) Koskinen,A-Borchgrevink,H Norway 1999}) 12. Bxc4 Ned5 13. Nxd5 Nxd5 14. Bxd5 cxd5 15. Qb3 Bc7 16. Bd2 a5 17. Bf4 Bb6 18. Rad1 a4 19. Qg3 Qf6 20. Re3 a3 (20... Be6 $11 {remains equal.}) 21. bxa3 $16 Ra4 22. Nf3 {Black must now prevent Bd6.} Bf5 $2 (22... Kh7 $16 {keeps fighting.}) 23. Be5 $18 Qg6 {[#]} 24. Qf4 $2 ({Only move:} 24. Nh4 $1 $18 {[%cal Rh4g6]} Qxg3 25. Rxg3) 24... Be4 $11 25. Rd2 f6 26. Bd6 Rc8 27. Rb3 (27. Nh4 $11 Qf7 28. Nf5) 27... Bxd4 28. Rxb7 Rc1+ 29. Kh2 Rc6 {aiming for ...Bxf3.} 30. Rxd4 $4 {[%mdl 8192]} (30. g3 $11 {and White stays safe.} Bc3 31. Re2) 30... Rxd4 $40 {[%mdl 128] Black attacks with force.} 31. Bf8 $2 {[#]} (31. Bb4 Bxf3 32. Qxf3) 31... Bxf3 $1 {[%mdl 512] Black is clearly winning.} 32. Qxf3 Kxf8 33. Rb8+ Kf7 34. Qb3 Rc7 35. Qb6 Rdc4 36. Qd6 Qe4 37. Qf8+ Kg6 {( -> ...Qf4+)} 38. Rb3 Kh7 {Accuracy: White = 33%, Black = 28%.} 0-1

[Event "XC URU-ch Final 2019"]
[Site "Montevideo"]
[Date "2019.03.22"]
[Round "7.5"]
[White "Roselli Mailhe, Bernardo"]
[Black "Sosa Macho, Juan Manuel"]
[Result "1-0"]
[WhiteElo "2445"]
[BlackElo "2072"]
[Annotator "TA"]
[PlyCount "75"]
[EventDate "2019.03.16"]
[EventType "tourn"]
[EventCountry "URU"]
[SourceTitle "playchess.com"]
[Source "ChessBase"]
[SourceQuality "1"]

{[%evp 23,75,-10,-16,-12,-12,-18,-8,-4,41,29,56,68,64,44,43,-29,-20,-27,-33,-28,-26,-137,-138,-124,-103,-96,-58,-50,-11,-5,0,0,311,310,375,376,372,253,263,235,307,265,258,260,387,385,360,256,29978,29969,29979,29971,29996,29997]} 1. d4 d5 2. c4 e6 3. Nc3 Be7 4. Nf3 Nf6 5. Bg5 O-O 6. e3 h6 7. Bh4 b6 8. Bd3 Bb7 9. O-O Nbd7 10. cxd5 Nxd5 11. Bxe7 Qxe7 12. Nxd5 Bxd5 13. Qe2 {D59: Queen's Gambit Declined: Tartakower Defence: Main line (8 cxd5 Nxd5)} c5 14. Rfd1 cxd4 15. Nxd4 {The position is equal.} e5 $146 ({Predecessor:} 15... Nc5 16. Bc4 Bb7 17. Rac1 {½-½ (17) Gordh,D (2407)-Blauert,J (2411) IECG email 2005}) 16. Nf5 Qg5 {[%csl Gd5][%cal Rg5g2] [#]} 17. f4 $1 {[%mdl 512]} Qf6 {aiming for ...e4.} (17... exf4 18. exf4) 18. Bb5 Be6 19. Ng3 (19. Nxg7 $14 Kxg7 20. Bxd7) 19... exf4 $11 20. exf4 Rad8 21. Qf2 {Threatens to win with f5.} Nc5 22. b4 {[#]} (22. f5 $11 Bd5 23. Rd2) 22... Nd3 $1 $17 {[%cal Rd3f2][%mdl 512]} 23. Bxd3 Rxd3 24. Ne4 Rxd1+ 25. Rxd1 Qf5 26. Ng3 Qg4 27. Rd4 $36 {[%mdl 2048] Strongly threatening h3. White has the initiative.} Rc8 $2 {[%mdl 8192] [#]} (27... Bf5 $11 {and Black has nothing to worry.}) 28. h3 $1 $18 {[%cal Rh3g4]} Rc1+ {[#]} 29. Kh2 $1 Qh4 30. Qe3 Bxh3 31. gxh3 ({Not} 31. Qxc1 Bf5+ 32. Kg1 Qxg3 $16) 31... Rc8 32. a3 Qf6 33. Rd2 g6 (33... Rc4 {was necessary.} 34. Ne2 Qg6 35. Rd8+ Kh7) 34. Ne4 Qa1 35. Qd4 Qxa3 $2 (35... Qxd4 $18 36. Rxd4 a5 37. Nf6+ Kh8) 36. Nf6+ {White mates.} Kf8 37. Nd5 {[%cal Rd4h8]} Ke8 38. Qe5+ {Accuracy: White = 64%, Black = 38%.} 1-0

[Event "XC URU-ch Final 2019"]
[Site "Montevideo"]
[Date "2019.03.23"]
[Round "8.1"]
[White "Michailov, Matias"]
[Black "Roselli Mailhe, Bernardo"]
[Result "1/2-1/2"]
[WhiteElo "2205"]
[BlackElo "2445"]
[Annotator "TA"]
[PlyCount "93"]
[EventDate "2019.03.16"]
[EventType "tourn"]
[EventCountry "URU"]
[SourceTitle "playchess.com"]
[Source "ChessBase"]
[SourceQuality "1"]

{[%evp 19,93,7,21,15,8,0,13,-18,0,-12,0,-22,10,-23,0,0,0,-23,-19,-13,-17,-18,-6,-23,-29,-29,-18,-30,15,14,40,30,43,45,31,33,35,34,47,18,29,10,0,5,47,57,56,43,65,52,65,65,65,65,61,61,65,65,65,65,65,65,65,65,65,65,65,65,65,65,65,65,65,61,61,61]} 1. e4 e5 2. Nf3 Nc6 3. Bb5 a6 4. Ba4 Nf6 5. O-O Be7 6. Re1 b5 7. Bb3 O-O 8. a4 b4 9. d3 d6 10. a5 Be6 11. Nbd2 {C88: Closed Ruy Lopez: Anti-Marshall Systems} Qc8 12. Bc4 h6 13. Nb3 $146 {The position is equal.} ({Predecessor:} 13. h3 Re8 14. b3 Bf8 15. Bb2 Qd7 16. Qe2 Bxc4 17. Nxc4 g6 18. Nh2 Bg7 {1-0 (48) Akopian,V (2693)-Svidler,P (2747) Wijk aan Zee 2004}) 13... Re8 14. h3 Bf8 15. Qe2 Qd7 16. Bd2 d5 17. exd5 Bxd5 18. Bxd5 Qxd5 19. Be3 Nd7 20. Nfd2 f5 {[#] ...f4 is the strong threat.} 21. Qf3 Qxf3 22. Nxf3 Kf7 23. Rad1 f4 24. Bd2 Nf6 25. d4 {[%cal Rd4e5]} e4 $1 {[%cal Re4f3]} 26. Ne5+ $1 Nxe5 27. dxe5 Rxe5 28. Bxf4 Ree8 29. Be3 Rad8 30. Bc5 (30. Rd4 {looks sharper.} Rxd4 31. Bxd4 Re6 32. Kf1 Nd5 33. Rd1) 30... Rxd1 31. Rxd1 Bxc5 32. Nxc5 $11 {[%mdl 4096] Endgame KRN-KRN. White is slightly better.} Re5 33. Nxa6 {[%mdl 64] [#] Strongly threatening Ra1. Double Attack} Rxa5 34. Nxb4 Rb5 35. c3 c5 36. Na6 Rxb2 37. Nxc5 Rc2 38. Re1 Rxc3 39. Nxe4 Nxe4 40. Rxe4 $14 {KR-KR} h5 41. Rf4+ Kg6 42. h4 Rc7 43. Kh2 Kh6 44. Kg3 g6 45. Rd4 Kg7 46. f3 Rc2 47. Re4 {Accuracy: White = 39%, Black = 59%.} 1/2-1/2

[Event "XC URU-ch Final 2019"]
[Site "Montevideo"]
[Date "2019.03.23"]
[Round "8.2"]
[White "Coppola, Claudio"]
[Black "Lopez Azambuja, Nicolas"]
[Result "0-1"]
[WhiteElo "2225"]
[BlackElo "2335"]
[Annotator "TA"]
[PlyCount "68"]
[EventDate "2019.03.16"]
[EventType "tourn"]
[EventCountry "URU"]
[SourceTitle "playchess.com"]
[Source "ChessBase"]
[SourceQuality "1"]

{[%evp 9,68,-22,-7,-9,21,22,20,25,35,28,43,27,62,62,64,65,69,69,57,50,45,22,33,22,27,-39,-22,-84,-79,-81,-71,-144,-68,-66,-60,-82,-66,-275,-275,-264,-226,-260,-256,-279,-196,-281,-250,-284,-273,-315,-214,-1303,-1026,-5074,-4917,-1855,-1764,-29991,-29992,-29992,-29993]} 1. b3 d5 2. Bb2 Bg4 3. f3 Bf5 4. e3 e6 5. d4 Nd7 6. Nc3 {A01: Nimzowitsch-Larsen Opening} Ngf6 $146 ({Predecessor:} 6... Bg6 7. Nge2 c5 8. Qd2 Rc8 9. h4 h6 10. O-O-O cxd4 11. exd4 {0-1 (32) Li,R (2577)-Sevian,S (2587) Saint Louis 2017}) 7. g4 Bg6 $1 8. h4 {Black must now prevent h5.The position is equal.} h5 {Threatens to win with ...hxg4.} 9. g5 Ng8 $1 10. Bd3 Bd6 11. Bxg6 fxg6 12. Qd3 Ne7 13. O-O-O O-O 14. e4 c6 15. Nce2 Qa5 16. Kb1 Rf7 17. exd5 (17. c4 $11) 17... exd5 $15 18. Nh3 (18. Bc1 $11 {remains equal.}) 18... Raf8 19. Rdf1 Qc7 20. c4 {[#]} (20. Nhg1 $142) 20... Qb8 (20... dxc4 $1 $17 21. bxc4 Qa5) 21. cxd5 cxd5 22. Nc3 a6 23. Nxd5 $2 ({White should try} 23. Ng1 $15) 23... Nxd5 $19 24. Qxg6 {Black should prevent Qe6.} Ne3 25. Re1 Re8 {[%cal Bf8e8,Be8e7,Be7g7][%mdl 32]} 26. Qxh5 Rfe7 27. d5 (27. Re2 {might work better.}) 27... Nxd5 28. Rxe7 Rxe7 29. Rd1 Qc7 30. Bxg7 $2 (30. Qg6 Ba3 31. Qd3 (31. Bxa3 $2 Nc3+ {[%mdl 64] Double Attack} 32. Kc1 Nxa2+ 33. Kb1 Nc3+ {[%mdl 64] Double Attack} 34. Kc1 Nxd1+ 35. Qc2 Qxc2+ 36. Kxc2 Re3 $19)) 30... Rxg7 31. Rxd5 Ba3 {[%csl Ga3][%cal Rc7c1]} 32. Qe8+ Nf8 {[%csl Ga3][%cal Rc7c1]} 33. Qe3 Re7 34. Qd2 {[#]} Re2 $1 {[%mdl 512] Accuracy: White = 23%, Black = 63%.} 0-1

[Event "XC URU-ch Final 2019"]
[Site "Montevideo"]
[Date "2019.03.23"]
[Round "8.3"]
[White "Hoffman, Alejandro"]
[Black "Rodriguez Vila, Andres"]
[Result "1-0"]
[WhiteElo "2454"]
[BlackElo "2495"]
[Annotator "TA"]
[PlyCount "87"]
[EventDate "2019.03.16"]
[EventType "tourn"]
[EventCountry "URU"]
[SourceTitle "playchess.com"]
[Source "ChessBase"]
[SourceQuality "1"]

{[%evp 18,87,44,45,51,32,60,24,69,72,89,100,93,102,128,128,120,125,126,126,120,126,118,107,127,130,122,121,112,129,119,114,108,109,118,99,115,82,184,112,92,105,109,112,174,177,396,396,672,693,677,687,697,500,815,814,790,789,2365,1380,1362,1097,1303,887,803,543,521,528,521,510,501,461]} 1. d4 e6 2. c4 Bb4+ 3. Nd2 c5 4. a3 Bxd2+ 5. Qxd2 cxd4 6. Nf3 Nf6 7. Nxd4 O-O 8. e3 b6 9. Be2 Bb7 10. O-O Nc6 {E11: Bogo-Indian} (10... d5 11. Rd1 Nc6 12. b4 Ne5 13. cxd5 Qxd5 14. f3 Rac8 15. e4 Nxe4 16. fxe4 Qxe4 17. Bf1 Rfd8 18. Qe3 {1-0 (33) Steingrimsson,H (2574)-Kjartansson,D (2371) Reykjavik 2016}) 11. Rd1 $146 ({Predecessor:} 11. Nxc6 dxc6 12. Qc3 c5 13. f3 Qc7 14. b3 Rfd8 15. Bb2 Rd7 16. Rfd1 Rad8 17. Rxd7 Rxd7 18. Qc2 {½-½ (38) Schoppen,C (2432)-Zuo,Y (2346) Tarvisio 2017}) 11... Rc8 12. b3 Na5 {Black wants to play ...e5.White has an edge.} 13. Qb2 d5 14. Bd2 Ne4 15. Bb4 $1 Qf6 16. f3 Nc5 17. Bxa5 $1 bxa5 18. b4 $1 {[%cal Rb4c5]} Nd7 19. c5 a6 20. Rab1 e5 21. Nb3 $1 axb4 22. axb4 Rc7 23. Na5 Ba8 24. Rbc1 Rd8 25. Qa3 h5 26. Qd3 Qh6 27. Kf2 ({Much less strong is} 27. Qxa6 Qxe3+ 28. Kh1 Nf8 $14) 27... Nf6 (27... Qf6 $16 {was called for.}) 28. Qf5 (28. Qxa6 $18 h4 29. b5) 28... Re8 $16 29. h4 ({Of course not} 29. Bxa6 $6 d4 $11) 29... Nh7 30. Rc3 Re6 {[#]} (30... g6 $16 31. Qd3 Qf8) 31. c6 $1 $18 Nf6 $2 {[#]} (31... Bxc6 32. Rxd5 (32. Rxc6 Rexc6 33. Nxc6 Qxc6 $14) (32. Bxa6 d4 $15) 32... g6 33. Rd8+ Kg7) 32. Qg5 $1 Qh7 $2 {[#]} (32... Rcxc6 33. Nxc6 Bxc6) 33. Rxd5 $1 {[%mdl 512] White is clearly winning.} Re8 (33... Nxd5 34. Qd8+) 34. Rxe5 Rd8 35. Qf5 Qh8 (35... Qxf5 $142 36. Rxf5 Rb8 37. Bxa6 Rxb4) 36. Rd3 Rf8 37. Rd6 Ne8 38. Rd8 {[%mdl 64] Double Attack} Nf6 39. Rxf8+ Kxf8 40. Rc5 Ne8 41. Qxh5 Qxh5 42. Rxh5 Bxc6 43. Nxc6 Rxc6 44. b5 {Accuracy: White = 59%, Black = 45%.} 1-0